000 00407nam a2200169Ia 4500
005 20250423095429.0
008 250422s9999 xx 000 0 und d
020 _a81-219-2660-2
100 _aTheraja B.L
245 0 _aFundamental of Engineering and Electronics
260 _aNew Delhi
260 _bS Chand and Company
260 _c2012
300 _a841 p
650 _aElectronics
942 _cBK
999 _c30248
_d30248